[Event "Tatry op"]
[Site "Tatranska Lomnica"]
[Date "2017.10.13"]
[Round "7"]
[White "Baum, Jonasz"]
[Black "Tyda, Krzysztof"]
[Result "1-0"]
[WhiteElo "2169"]
[BlackElo "1957"]
[PlyCount "97"]
[EventDate "2017.10.08"]
[EventType "swiss"]
[EventRounds "9"]
[EventCountry "SVK"]
[SourceTitle "CBM 181 Extra"]
[Source "ChessBase"]
[SourceDate "2017.12.12"]
[SourceVersion "1"]
[SourceVersionDate "2017.12.12"]
[SourceQuality "1"]

1. d4 d5 2. c4 e6 3. Nc3 Nf6 4. cxd5 exd5 5. Bg5 Be7 6. e3 c6 7. Bd3 h6 8. Bh4 0-0 9. Nge2 Re8 10. Qc2 Ne4 11. Bxe7 Qxe7 12. Ng3 Nxc3 13. Qxc3 Be6 14. 0-0 Nd7 15. Rae1 Nf6 16. f3 Rac8 17. b4 b6 18. e4 c5 19. e5 cxb4 20. Qd2 Nh7 21. f4 Qh4 22. Qxb4 Rc7 23. f5 Bc8 24. Bb5 Rd8 25. e6 Qe7 26. Qd2 Nf6 27. Re5 a6 28. Bd3 Bb7 29. Rb1 b5 30. h3 Rdc8 31. Rbe1 Kf8 32. Ne2 Ne4 33. Bxe4 dxe4 34. exf7 Qh4 35. Nf4 Kxf7 36. Ng6 Qg3 37. Qe3 Qxe3+ 38. Rxe3 Rc1+ 39. Kh2 R8c7 40. d5 Rd7 41. R5xe4 Rdc7 42. Re7+ Kf6 43. R7e6+ Kf7 44. Ne5+ Kf8 45. d6 R7c2 46. Nd7+ Kg8 47. Re8+ Kh7 48. Nf8+ Kg8 49. Ng6+ 1-0

[Event "Tatry op"]
[Site "Tatranske Zruby"]
[Date "2015.09.29"]
[Round "5"]
[White "Tyda, Krzysztof"]
[Black "Bartos, Jan"]
[Result "1/2-1/2"]
[WhiteElo "1973"]
[BlackElo "2222"]
[PlyCount "146"]
[EventDate "2015.09.26"]
[EventType "swiss"]
[EventRounds "9"]
[EventCountry "SVK"]
[SourceTitle "CBM 168 Extra"]
[Source "ChessBase"]
[SourceDate "2015.10.29"]
[SourceVersion "1"]
[SourceVersionDate "2015.10.29"]
[SourceQuality "1"]

1. d4 d6 2. c4 e5 3. dxe5 dxe5 4. Qxd8+ Kxd8 5. Nf3 f6 6. e4 c6 7. Be3 Be6 8. Be2 Nd7 9. 0-0 Bc5 10. Bxc5 Nxc5 11. Nc3 Nh6 12. b4 Nd7 13. Rfd1 Ke7 14. c5 a5 15. a3 Rhd8 16. h3 Nf7 17. g4 Ra7 18. Nh4 g6 19. Ng2 Rda8 20. Rab1 axb4 21. axb4 Ng5 22. Kh2 Ra3 23. Rdc1 Ba2 24. Rb2 Ne6 25. Ne3 Nf4 26. Bf1 Be6 27. Nc4 R3a7 28. Na5 h5 29. gxh5 Nxh5 30. Ne2 Nf4 31. Ng1 g5 32. f3 Rh8 33. Nc4 g4 34. fxg4 Bxg4 35. Ne3 Be6 36. Nf5+ Bxf5 37. exf5 Rh5 38. Rd1 Rxf5 39. Rbd2 Nf8 40. Ne2 Nxe2 41. Bxe2 Ra3 42. Bg4 Rf4 43. Rd8 Rxb4 44. Bh5 Rb2+ 45. Kg1 Rg3+ 46. Kf1 Ng6 47. R1d7+ Ke6 48. Bg4+ f5 49. Rd6+ Kf7 50. R8d7+ Kf8 51. Rxg6 fxg4 52. hxg4 Rh3 53. Kg1 Rc3 54. Rd1 Rxc5 55. Rgd6 Rc4 56. Rg6 Kf7 57. Rg5 Rbb4 58. Rxe5 Rxg4+ 59. Kf2 Kf6 60. Re8 c5 61. Rdd8 Rg7 62. Rf8+ Rf7 63. Rfe8 Rd4 64. Rc8 c4 65. Rc5 Kg7+ 66. Ke3 Rh4 67. Rec8 Rh3+ 68. Kd4 Rh4+ 69. Ke3 Re7+ 70. Kd2 Rd7+ 71. Kc2 b5 72. Rxb5 Rhd4 73. Rbc5 Rd2+ 1/2-1/2

[Event "Tatry op"]
[Site "Tatranske Zruby"]
[Date "2014.10.05"]
[Round "9"]
[White "Valenta, Vit"]
[Black "Tyda, Krzysztof"]
[Result "1-0"]
[WhiteElo "2134"]
[BlackElo "1971"]
[PlyCount "73"]
[EventDate "2014.09.28"]
[EventType "swiss"]
[EventRounds "9"]
[EventCountry "SVK"]
[SourceTitle "CBM 162 Extra"]
[Source "ChessBase"]
[SourceDate "2014.10.17"]
[SourceVersion "1"]
[SourceVersionDate "2014.10.17"]
[SourceQuality "1"]

1. b4 d5 2. Bb2 e6 3. Nf3 Nf6 4. a3 c5 5. bxc5 Bxc5 6. e3 Nc6 7. d3 0-0 8. Be2 Re8 9. d4 Bd6 10. 0-0 Ne4 11. Nbd2 f5 12. c4 Nxd2 13. Qxd2 Na5 14. c5 Bc7 15. Qc2 Bd7 16. Bc3 Nc6 17. Rab1 Rb8 18. Ne5 Nxe5 19. dxe5 Bc6 20. Bd4 a6 21. g4 fxg4 22. Bxg4 Qg5 23. h3 h5 24. f4 Qh4 25. Bf3 Qxh3 26. Qg6 h4 27. Bg4 Qg3+ 28. Kh1 Re7 29. Rf3 Be8 30. Qg5 Bd8 31. Rxg3 hxg3 32. Bh3 Bb5 33. Qxg3 Bd3 34. Rg1 g6 35. f5 Rg7 36. fxg6 Be4+ 37. Kh2 1-0

[Event "Tatry op"]
[Site "Tatranske Zruby"]
[Date "2014.10.03"]
[Round "7"]
[White "Tyda, Krzysztof"]
[Black "Pribyl, Josef"]
[Result "0-1"]
[WhiteElo "1971"]
[BlackElo "2244"]
[PlyCount "74"]
[EventDate "2014.09.28"]
[EventType "swiss"]
[EventRounds "9"]
[EventCountry "SVK"]
[SourceTitle "CBM 162 Extra"]
[Source "ChessBase"]
[SourceDate "2014.10.17"]
[SourceVersion "1"]
[SourceVersionDate "2014.10.17"]
[SourceQuality "1"]

1. d4 Nf6 2. c4 g6 3. Nc3 d5 4. cxd5 Nxd5 5. e4 Nxc3 6. bxc3 Bg7 7. Be3 0-0 8. Rc1 b6 9. Nf3 Bb7 10. Bd3 Nd7 11. 0-0 e5 12. Qd2 Qe7 13. Bh6 Rfe8 14. Bxg7 Kxg7 15. Rfe1 Rad8 16. Qg5 Qxg5 17. Nxg5 Re7 18. f3 Nc5 19. Bc4 exd4 20. cxd4 Rxd4 21. Red1 Rxd1+ 22. Rxd1 Bc8 23. Kf2 h6 24. Nh3 Be6 25. Bxe6 Nxe6 26. g4 c5 27. Ke3 b5 28. Nf2 c4 29. h4 b4 30. f4 c3 31. e5 Nc5 32. Rb1 a5 33. Kd4 Rc7 34. Ne4 Nxe4 35. Kxe4 a4 36. f5 c2 37. Rf1 c1Q 0-1

[Event "Tatry op"]
[Site "Tatranske Zruby"]
[Date "2012.09.26"]
[Round "5"]
[White "Mackova, Veronika"]
[Black "Tyda, Krzysztof"]
[Result "0-1"]
[WhiteElo "1643"]
[BlackElo "2001"]
[PlyCount "126"]
[EventDate "2012.09.23"]
[EventType "swiss"]
[EventRounds "9"]
[EventCountry "SVK"]
[SourceTitle "CBM 150 Extra"]
[Source "ChessBase"]
[SourceDate "2012.10.19"]
[SourceVersion "1"]
[SourceVersionDate "2012.10.19"]
[SourceQuality "1"]

1. c4 e6 2. Nc3 d5 3. cxd5 exd5 4. d4 c6 5. Qc2 Nf6 6. Bg5 Be7 7. e3 0-0 8. Bd3 h6 9. Bh4 Re8 10. Nge2 Nbd7 11. 0-0 Ne4 12. Bxe7 Qxe7 13. Bxe4 dxe4 14. Ng3 Nf6 15. Rae1 Bg4 16. h3 Bd7 17. f3 exf3 18. Rxf3 Rad8 19. Qf2 Be6 20. a3 c5 21. dxc5 Qxc5 22. Nf5 Bxf5 23. Rxf5 Qd6 24. e4 Qd4 25. e5 Qxf2+ 26. Rxf2 Nd7 27. Rfe2 Nc5 28. b4 Ne6 29. Nb5 a6 30. Nd6 Re7 31. Rc1 Red7 32. Rec2 Nd4 33. Rf2 Re7 34. Rcf1 Rf8 35. Kh1 Rd7 36. Rd2 Nc6 37. Re1 Re7 38. Rc2 Nd4 39. Rc4 Ne6 40. Rec1 Rd7 41. Rc8 Rxc8 42. Rxc8+ Kh7 43. Kh2 Nd8 44. Kg3 f6 45. Nc4 b5 46. Nb6 Rd3+ 47. Kf4 fxe5+ 48. Ke4 Rd2 49. Nd5 Nf7 50. Rc6 Rd4+ 51. Kf5 Rxd5 52. Rxa6 Rd2 53. Ke6 Rf2 54. Ra7 e4 55. Kd5 e3 56. Re7 e2 57. Kc5 Rf5+ 58. Kd4 Re5 59. Rxe5 Nxe5 60. Kxe5 e1Q+ 61. Kd5 Qc3 62. a4 Qxb4 63. axb5 Qxb5+ 0-1

[Event "Tatry op"]
[Site "Tatranske Zruby"]
[Date "2011.09.28"]
[Round "5"]
[White "Tyda, Krzysztof"]
[Black "Koval, Anton"]
[Result "0-1"]
[WhiteElo "1983"]
[BlackElo "2177"]
[PlyCount "104"]
[EventDate "2011.09.25"]
[EventType "swiss"]
[EventRounds "9"]
[EventCountry "SVK"]
[SourceTitle "CBM 144 Extra"]
[Source "ChessBase"]
[SourceDate "2011.10.28"]
[SourceVersion "1"]
[SourceVersionDate "2011.10.28"]
[SourceQuality "1"]

1. d4 Nf6 2. c4 g6 3. Nc3 Bg7 4. e4 d6 5. Nf3 0-0 6. Be2 c6 7. 0-0 Qc7 8. h3 e5 9. dxe5 dxe5 10. Be3 Na6 11. a3 Qe7 12. b4 Nh5 13. Qc2 Nf4 14. Rfd1 Nxe2+ 15. Qxe2 f5 16. Bg5 Qe6 17. Qd3 h6 18. Bd8 Qf7 19. c5 Be6 20. Ba5 Bc4 21. Qd7 fxe4 22. Qxf7+ Rxf7 23. Nxe4 Bd5 24. Re1 Rb8 25. b5 cxb5 26. Rac1 Rbf8 27. Nfd2 Nb8 28. f3 Nc6 29. Bb4 Rd7 30. Nd6 a6 31. N2e4 Nd4 32. Kh2 Ra8 33. Rcd1 Bb3 34. Rd3 Bc2 35. Rd2 Bxe4 36. Nxe4 Rc7 37. Ba5 Rc6 38. Bb6 Bf8 39. Red1 Rac8 40. f4 Nb3 41. Rd7 exf4 42. Rxb7 Re6 43. Nf2 Nxc5 44. Bxc5 Bxc5 45. Ng4 Bf8 46. Rdd7 h5 47. Nf2 Rc2 48. Nd3 f3 49. Nf4 Rf6 50. Nd5 Bd6+ 51. Rxd6 Rxg2+ 52. Kh1 Rxd6 0-1

[Event "Gdansk op 13th"]
[Site "Gdansk"]
[Date "2011.07.22"]
[Round "7"]
[White "Moszczenski, Milosz"]
[Black "Tyda, Krzysztof"]
[Result "1-0"]
[WhiteElo "1631"]
[BlackElo "2016"]
[PlyCount "98"]
[EventDate "2011.07.17"]
[EventType "swiss"]
[EventRounds "9"]
[EventCountry "POL"]
[SourceTitle "CBM 143 Extra"]
[Source "ChessBase"]
[SourceDate "2011.08.29"]
[SourceVersion "1"]
[SourceVersionDate "2011.08.29"]
[SourceQuality "1"]

1. d4 d5 2. c4 e6 3. Nc3 Nf6 4. cxd5 exd5 5. Bg5 Be7 6. Qc2 c6 7. e3 0-0 8. Bd3 h6 9. Bh4 Re8 10. Nf3 Nbd7 11. 0-0 Ne4 12. Bg3 Nxg3 13. hxg3 Nf6 14. Rab1 Bd6 15. b4 Qe7 16. b5 Bd7 17. bxc6 bxc6 18. Rb7 Qe6 19. Na4 Ne4 20. Nd2 f5 21. Bxe4 fxe4 22. Nc5 Bxc5 23. Qxc5 Rf8 24. Rxa7 Rab8 25. Nb3 Qg4 26. Qd6 Rbd8 27. Nc5 Bc8 28. Qxc6 Rf6 29. Qa4 h5 30. Qd1 Qg5 31. Qb3 Kh7 32. Qb8 Re8 33. Qb5 Ref8 34. Nd7 Bxd7 35. Rxd7 Rf5 36. Rd6 Rc8 37. a4 Rc2 38. Qb3 Rd2 39. a5 Rd3 40. Qb5 h4 41. gxh4 Qh5 42. a6 Qe2 43. Rxd5 Rxd5 44. Qxd5 Ra3 45. Qxe4+ Kg8 46. Qa8+ Kh7 47. Rb1 Qc2 48. Qb7 Ra2 49. Rf1 Ra4 1-0

[Event "Gdansk op 13th"]
[Site "Gdansk"]
[Date "2011.07.21"]
[Round "6"]
[White "Tyda, Krzysztof"]
[Black "Dzikowski, Michal"]
[Result "1/2-1/2"]
[WhiteElo "2016"]
[BlackElo "1706"]
[PlyCount "96"]
[EventDate "2011.07.17"]
[EventType "swiss"]
[EventRounds "9"]
[EventCountry "POL"]
[SourceTitle "CBM 143 Extra"]
[Source "ChessBase"]
[SourceDate "2011.08.29"]
[SourceVersion "1"]
[SourceVersionDate "2011.08.29"]
[SourceQuality "1"]

1. d4 b6 2. e4 Bb7 3. Bd3 e6 4. Qe2 Nf6 5. Nf3 d5 6. e5 Nfd7 7. 0-0 c5 8. c3 Nc6 9. a3 Be7 10. Be3 Nf8 11. Nbd2 c4 12. Bc2 b5 13. Kh1 a5 14. b4 Nd7 15. Ng1 Nb6 16. f4 g6 17. bxa5 Rxa5 18. Rfb1 Bxa3 19. Qd1 b4 20. cxb4 Bxb4 21. Ne2 0-0 22. Ng3 f5 23. exf6 Qxf6 24. Nf3 Rfa8 25. Rxa5 Bxa5 26. Ne5 Qe7 27. Qg4 Nxe5 28. fxe5 Bc8 29. Bg5 Qg7 30. Bf6 Qh6 31. Bg5 Qg7 32. Rf1 Ra7 33. Qh4 Rf7 34. Bf6 Rxf6 35. Rxf6 Bb4 36. Rf1 Be7 37. Qf4 Nd7 38. Qg4 Nf8 39. Ra1 Qh6 40. Ba4 Qe3 41. Be8 Bg5 42. h4 Be7 43. Nh5 c3 44. Qf4 Qxf4 45. Nxf4 Bxh4 46. Rc1 Bf2 47. Rxc3 Ba6 48. Ra3 Bc4 1/2-1/2

[Event "Tatry op"]
[Site "Tatranske Zruby"]
[Date "2010.10.03"]
[Round "2"]
[White "Janos, Ivan"]
[Black "Tyda, Krzysztof"]
[Result "1-0"]
[WhiteElo "2163"]
[BlackElo "2024"]
[PlyCount "93"]
[EventDate "2010.10.02"]
[EventType "swiss"]
[EventRounds "9"]
[EventCountry "SVK"]
[SourceTitle "CBM 138 Extra"]
[Source "ChessBase"]
[SourceDate "2010.10.29"]
[SourceVersion "1"]
[SourceVersionDate "2010.10.29"]
[SourceQuality "1"]

1. e4 c6 2. d4 d5 3. f3 e5 4. dxe5 Bc5 5. Nc3 Qb6 6. Na4 Bf2+ 7. Ke2 Qd4 8. Qxd4 Bxd4 9. exd5 Bxe5 10. dxc6 Nxc6 11. c3 Nf6 12. Kf2 Bf5 13. Bb5 Rc8 14. Nh3 0-0 15. g4 Bc2 16. Bf4 a6 17. Bxc6 Bxf4 18. Bxb7 Rb8 19. Nxf4 Rxb7 20. b3 g5 21. Ne2 Re8 22. Nd4 Bg6 23. Rhe1 Rc8 24. Re5 h6 25. Rae1 Kf8 26. Nf5 Bxf5 27. Rxf5 Kg7 28. c4 Rd7 29. Nc5 Rd2+ 30. Re2 Rcd8 31. Nxa6 Rd1 32. Nb4 Rh1 33. Kg2 Rdd1 34. Nd5 Rhg1+ 35. Kf2 Rdf1+ 36. Ke3 Nd7 37. Nc3 Nf8 38. c5 Ne6 39. c6 Rc1 40. Kd2 Nd4 41. Re7 Nxc6 42. Rfxf7+ Kg8 43. Rg7+ Kf8 44. Ref7+ Ke8 45. Rc7 Kf8 46. Rh7 Kg8 47. Rhd7 1-0

[Event "Gdansk op 12th "]
[Site "Gdansk"]
[Date "2010.07.22"]
[Round "7"]
[White "Lukaszuk, Aron"]
[Black "Tyda, Krzysztof"]
[Result "0-1"]
[WhiteElo "1848"]
[BlackElo "2031"]
[PlyCount "92"]
[EventDate "2010.07.17"]
[EventType "swiss"]
[EventRounds "9"]
[EventCountry "POL"]
[SourceTitle "EXT 2011"]
[Source "ChessBase"]
[SourceDate "2010.11.26"]
[SourceVersion "1"]
[SourceVersionDate "2010.11.26"]
[SourceQuality "1"]

1. g3 d5 2. c4 e6 3. Nc3 d4 4. Nb1 c5 5. Nf3 Nc6 6. Bg2 e5 7. d3 Be7 8. 0-0 Bf5 9. Qa4 Qd7 10. e4 Bg4 11. Ne1 Be2 12. f4 Bxf1 13. Bxf1 exf4 14. Bxf4 Bd6 15. Bh3 Qxh3 16. Bxd6 Nf6 17. Nd2 Ng4 18. Nf1 0-0-0 19. Bxc5 Kb8 20. b4 Qh6 21. b5 Qf6 22. Ng2 Qf2+ 23. Kh1 Qb2 24. bxc6 b6 25. c7+ Kxc7 26. Qxa7+ Kc6 27. Bxb6 Qxb6 28. Qxb6+ Kxb6 29. Nf4 Rb8 30. h3 Ne5 31. Nd2 g5 32. Nd5+ Kc6 33. Rf1 Rb2 34. Rf5 Rxd2 35. Rxe5 Rb8 36. Ne7+ Kd7 37. Rb5 Rxb5 38. cxb5 Kxe7 39. a4 Ra2 40. b6 Rxa4 41. Kg2 Rb4 42. Kf3 Rxb6 43. e5 Ke6 44. Ke4 Rb4 45. h4 gxh4 46. gxh4 Rb5 0-1

[Event "Tatry op"]
[Site "Tatranske Zruby"]
[Date "2009.10.03"]
[Round "8"]
[White "Tyda, Krzysztof"]
[Black "Skreno, Vladimir"]
[Result "0-1"]
[WhiteElo "2021"]
[BlackElo "2175"]
[PlyCount "68"]
[EventDate "2009.09.27"]
[EventType "swiss"]
[EventRounds "9"]
[EventCountry "SVK"]
[SourceTitle "EXT 2011"]
[Source "ChessBase"]
[SourceDate "2010.11.26"]
[SourceVersion "1"]
[SourceVersionDate "2010.11.26"]
[SourceQuality "1"]

1. d4 Nf6 2. c4 g6 3. Nc3 Bg7 4. e4 d6 5. f3 0-0 6. Be3 e5 7. d5 c6 8. Qd2 cxd5 9. cxd5 Ne8 10. Bd3 f5 11. exf5 Bxf5 12. Bxf5 gxf5 13. Nh3 Nd7 14. 0-0 f4 15. Bf2 Kh8 16. Ne4 Ndf6 17. Nhg5 Qd7 18. Ne6 Rg8 19. Qd3 Bh6 20. Bh4 Rg6 21. Rac1 Nxd5 22. Qxd5 Rxe6 23. Rc2 Rg6 24. Nf2 Bf8 25. Rfc1 Rg8 26. Ne4 Be7 27. Qf7 Rg7 28. Qh5 Bxh4 29. Qxh4 d5 30. Nf6 Qe6 31. Ng4 e4 32. Qh5 exf3 33. gxf3 Nf6 34. Kh1 Nxh5 0-1

[Event "Tatry op"]
[Site "Tatranske Zruby"]
[Date "2009.09.28"]
[Round "2"]
[White "Tyda, Krzysztof"]
[Black "Tropp, Frantisek"]
[Result "1/2-1/2"]
[WhiteElo "2021"]
[BlackElo "2128"]
[PlyCount "54"]
[EventDate "2009.09.27"]
[EventType "swiss"]
[EventRounds "9"]
[EventCountry "SVK"]
[SourceTitle "EXT 2011"]
[Source "ChessBase"]
[SourceDate "2010.11.26"]
[SourceVersion "1"]
[SourceVersionDate "2010.11.26"]
[SourceQuality "1"]

1. d4 d5 2. c4 e6 3. Nc3 Be7 4. Nf3 Nf6 5. Bg5 Nbd7 6. e3 0-0 7. Rc1 c6 8. Bd3 h6 9. Bh4 dxc4 10. Bxc4 Nd5 11. Bg3 Nxc3 12. bxc3 a6 13. 0-0 b5 14. Bd3 c5 15. Qe2 Bb7 16. Rfd1 c4 17. Bc2 Ba3 18. Rb1 Qa5 19. Qe1 Nf6 20. e4 Rfe8 21. Ne5 Nh5 22. Nxc4 bxc4 23. Rxb7 Nxg3 24. hxg3 Rab8 25. Rdb1 Rxb7 26. Rxb7 e5 27. Qe3 Bd6 1/2-1/2

[Event "Tatry op"]
[Site "Tatranske Zruby"]
[Date "2009.09.27"]
[Round "1"]
[White "Belis, Rudolf"]
[Black "Tyda, Krzysztof"]
[Result "1/2-1/2"]
[WhiteElo "2122"]
[BlackElo "2021"]
[PlyCount "146"]
[EventDate "2009.09.27"]
[EventType "swiss"]
[EventRounds "9"]
[EventCountry "SVK"]
[SourceTitle "EXT 2011"]
[Source "ChessBase"]
[SourceDate "2010.11.26"]
[SourceVersion "1"]
[SourceVersionDate "2010.11.26"]
[SourceQuality "1"]

1. d4 d5 2. Nc3 Bf5 3. f3 e6 4. e4 Bg6 5. Be3 Be7 6. Nge2 dxe4 7. fxe4 Nf6 8. Ng3 0-0 9. h4 h6 10. h5 Bh7 11. Qf3 c6 12. 0-0-0 Qa5 13. Kb1 Nbd7 14. Bd3 b5 15. e5 Nd5 16. Nxd5 cxd5 17. Qg4 Kh8 18. Rhf1 Rac8 19. Bc1 Bxd3 20. Rxd3 Rc4 21. Qd1 Rc6 22. Rdf3 Ra6 23. a3 Kg8 24. Ne2 b4 25. Rg3 Kh8 26. Qd2 bxa3 27. Qxa5 Rxa5 28. bxa3 Nb6 29. Rb3 Ra4 30. Rff3 Nc4 31. Ka2 Bg5 32. Rb4 Ra6 33. Rfb3 Kh7 34. Rb7 Na5 35. Bxg5 Nxb3 36. Be7 Na5 37. Rd7 Rc8 38. Bc5 Kg8 39. Nc3 Nc4 40. Nb5 Ra5 41. Rb7 Nxe5 42. Bxa7 Nc4 43. Bc5 e5 44. Kb3 e4 45. Bb4 Raa8 46. Nc7 Na5+ 47. Bxa5 Rxa5 48. Kb4 e3 49. Kxa5 e2 50. Rb1 Rxc7 51. Rb8+ Kh7 52. Re8 Rxc2 53. Kb5 f5 54. a4 g5 55. hxg6+ Kxg6 56. a5 Kg5 57. a6 Kf4 58. a7 Ra2 59. Kb6 Rb2+ 60. Kc5 Ra2 61. Rxe2 Rxa7 62. Kxd5 h5 63. Kc6 Ra3 64. d5 Rd3 65. d6 h4 66. d7 Kg4 67. Kc7 Rc3+ 68. Kd6 Rd3+ 69. Ke7 f4 70. Re6 Rxd7+ 71. Kxd7 f3 72. Re4+ Kg3 73. gxf3 h3 1/2-1/2

[Event "Gdansk op"]
[Site "Gdansk"]
[Date "2009.07.25"]
[Round "8"]
[White "Tyda, Krzysztof"]
[Black "Kanarkiewicz, Michal"]
[Result "1/2-1/2"]
[WhiteElo "2052"]
[BlackElo "1804"]
[PlyCount "56"]
[EventDate "2009.07.19"]
[EventType "swiss"]
[EventRounds "9"]
[EventCountry "POL"]
[SourceTitle "CBM 131 Extra"]
[Source "ChessBase"]
[SourceDate "2009.09.03"]
[SourceVersion "2"]
[SourceVersionDate "2009.09.16"]
[SourceQuality "1"]

1. d4 Nf6 2. c4 g6 3. Nc3 Bg7 4. e4 d6 5. Be2 0-0 6. Nf3 e5 7. 0-0 Nc6 8. dxe5 dxe5 9. Bg5 Qxd1 10. Rfxd1 Be6 11. Rac1 h6 12. Be3 Rac8 13. h3 Rfe8 14. Rd2 Bf8 15. c5 a6 16. Rcd1 Kg7 17. Bd3 Red8 18. Bb1 Rxd2 19. Rxd2 Kh7 20. Nd5 Bg7 21. a3 Ne8 22. Nh4 Rd8 23. Ba2 Rd7 24. b4 Nf6 25. Nxf6+ Bxf6 26. Bxe6 Rxd2 27. Bxd2 fxe6 28. Nf3 Nd4 1/2-1/2

[Event "Gdansk op"]
[Site "Gdansk"]
[Date "2009.07.23"]
[Round "6"]
[White "Tyda, Krzysztof"]
[Black "Minko, Janusz"]
[Result "0-1"]
[WhiteElo "2052"]
[BlackElo "1968"]
[PlyCount "88"]
[EventDate "2009.07.19"]
[EventType "swiss"]
[EventRounds "9"]
[EventCountry "POL"]
[SourceTitle "CBM 131 Extra"]
[Source "ChessBase"]
[SourceDate "2009.09.03"]
[SourceVersion "2"]
[SourceVersionDate "2009.09.16"]
[SourceQuality "1"]

1. d4 d5 2. c4 e6 3. Nc3 Nf6 4. Bg5 Be7 5. e3 0-0 6. Nf3 b6 7. Rc1 Nbd7 8. Bd3 Bb7 9. 0-0 c5 10. Qe2 cxd4 11. exd4 Rc8 12. cxd5 Nxd5 13. Bd2 Nb4 14. Bc4 Nf6 15. a3 Nbd5 16. Ne5 Nxc3 17. Rxc3 Qxd4 18. Rg3 Qe4 19. Re1 Qxe2 20. Rxe2 Ne4 21. Rd3 Bf6 22. Nd7 Rxc4 23. Nxf8 Kxf8 24. Bb4+ Nc5 25. h3 Bd5 26. Rd1 a5 27. Be1 Nb3 28. f3 h5 29. Bg3 h4 30. Bd6+ Kg8 31. Kh2 Rc6 32. Bf4 Nd4 33. Red2 Bxf3 34. Rf1 Bd5 35. Be3 Nb3 36. Rdf2 Be5+ 37. Kg1 f6 38. Rd1 Bg3 39. Re2 Kf7 40. Bf2 Bxf2+ 41. Kxf2 g5 42. Re3 Rc2+ 43. Re2 Rxe2+ 44. Kxe2 Bxg2 0-1

[Event "Gdansk op"]
[Site "Gdansk"]
[Date "2009.07.20"]
[Round "2"]
[White "Tyda, Krzysztof"]
[Black "Jaroch, Pawel"]
[Result "0-1"]
[WhiteElo "2052"]
[BlackElo "2243"]
[PlyCount "98"]
[EventDate "2009.07.19"]
[EventType "swiss"]
[EventRounds "9"]
[EventCountry "POL"]
[SourceTitle "CBM 131 Extra"]
[Source "ChessBase"]
[SourceDate "2009.09.03"]
[SourceVersion "2"]
[SourceVersionDate "2009.09.16"]
[SourceQuality "1"]

1. d4 Nf6 2. c4 c5 3. d5 b5 4. cxb5 a6 5. bxa6 Bxa6 6. Nc3 g6 7. e4 Bxf1 8. Kxf1 d6 9. g3 Bg7 10. Kg2 0-0 11. h3 Nbd7 12. Nf3 Qa5 13. Bd2 Nb6 14. Qe2 Qa6 15. Qxa6 Rxa6 16. b3 Nfd7 17. Rhd1 f5 18. Ng5 fxe4 19. Ne6 Bxc3 20. Bxc3 Rf3 21. Bb2 Rf5 22. Nc7 Ra7 23. g4 Rf3 24. Nb5 Ra5 25. Nc3 Rd3 26. Rxd3 exd3 27. Rd1 c4 28. b4 Ra8 29. g5 Na4 30. Nxa4 Rxa4 31. a3 Nb6 32. Rc1 Ra8 33. h4 Na4 34. Bd4 d2 35. Rd1 c3 36. Bxc3 Nxc3 37. Rxd2 Rxa3 38. Rd3 Nb5 39. Rxa3 Nxa3 40. Kf3 Kf7 41. Ke4 Nc4 42. f4 e6 43. h5 gxh5 44. dxe6+ Kxe6 45. f5+ Kf7 46. f6 h6 47. Kd5 h4 48. gxh6 Kxf6 49. Ke4 Kg6 0-1

[Event "Gdansk op"]
[Site "Gdansk"]
[Date "2009.07.20"]
[Round "3"]
[White "Zielinski, Maciej"]
[Black "Tyda, Krzysztof"]
[Result "1/2-1/2"]
[WhiteElo "1888"]
[BlackElo "2052"]
[PlyCount "76"]
[EventDate "2009.07.19"]
[EventType "swiss"]
[EventRounds "9"]
[EventCountry "POL"]
[SourceTitle "CBM 131 Extra"]
[Source "ChessBase"]
[SourceDate "2009.09.03"]
[SourceVersion "2"]
[SourceVersionDate "2009.09.16"]
[SourceQuality "1"]

1. e4 c6 2. d4 d5 3. Nc3 dxe4 4. Nxe4 Bf5 5. Ng3 Bg6 6. h4 h6 7. h5 Bh7 8. Nf3 Nd7 9. Bd3 Bxd3 10. Qxd3 Qc7 11. Bd2 e6 12. 0-0-0 Ngf6 13. Ne4 Nxe4 14. Qxe4 Nf6 15. Qe2 Bd6 16. g3 0-0-0 17. c4 c5 18. Bc3 cxd4 19. Nxd4 a6 20. Kb1 Rd7 21. Nb3 Qc6 22. Rc1 Rg8 23. Rhe1 Bc7 24. Na5 Qc5 25. b4 Qf5+ 26. Ka1 Bxa5 27. bxa5 Qd3 28. Qe5 Qd6 29. Qe3 Rgd8 30. Be5 Ng4 31. Bxd6 Nxe3 32. Bc5 Ng4 33. Bb6 Re8 34. c5 Nf6 35. c6 bxc6 36. Rxc6+ Kb7 37. Rc2 Nd5 38. Bd4 Nb4 1/2-1/2

[Event "Gdansk op"]
[Site "Gdansk"]
[Date "2009.07.19"]
[Round "1"]
[White "Dadello, Aleksandra"]
[Black "Tyda, Krzysztof"]
[Result "1/2-1/2"]
[WhiteElo "1731"]
[BlackElo "2052"]
[PlyCount "87"]
[EventDate "2009.07.19"]
[EventType "swiss"]
[EventRounds "9"]
[EventCountry "POL"]
[SourceTitle "CBM 131 Extra"]
[Source "ChessBase"]
[SourceDate "2009.09.03"]
[SourceVersion "2"]
[SourceVersionDate "2009.09.16"]
[SourceQuality "1"]

1. e4 c6 2. d4 d5 3. Nc3 dxe4 4. Nxe4 Bf5 5. Ng3 Bg6 6. h4 h6 7. Nf3 Nd7 8. h5 Bh7 9. Bd3 Bxd3 10. Qxd3 e6 11. Bf4 Ngf6 12. 0-0-0 Nd5 13. Bd2 Qc7 14. c4 N5f6 15. Kb1 0-0-0 16. Ne4 Nxe4 17. Qxe4 Nf6 18. Qe2 Bd6 19. Ne5 c5 20. Bf4 Bxe5 21. Bxe5 Qc6 22. Bxf6 gxf6 23. d5 exd5 24. cxd5 Rxd5 25. Rxd5 Qxd5 26. Qg4+ f5 27. Qg7 Rd8 28. Qxh6 Qe4+ 29. Kc1 Qc4+ 30. Kb1 Qe4+ 31. Kc1 f4 32. Qg7 Qc4+ 33. Qc3 Qxc3+ 34. bxc3 Rh8 35. Kd2 Kd7 36. Kd3 f5 37. Ke2 Ke6 38. Kf3 Ke5 39. h6 b5 40. g4 fxg3 41. fxg3 a5 42. a3 Kf6 43. Kf4 Kg6 44. h7 1/2-1/2

[Event "Tatry op"]
[Site "Tatranske Zruby"]
[Date "2008.09.29"]
[Round "4"]
[White "Koval, Anton"]
[Black "Tyda, Krzysztof"]
[Result "1/2-1/2"]
[WhiteElo "2178"]
[BlackElo "2036"]
[PlyCount "76"]
[EventDate "2008.09.27"]
[EventType "swiss"]
[EventRounds "9"]
[EventCountry "SVK"]
[SourceTitle "CBM 126 Extra"]
[Source "ChessBase"]
[SourceDate "2008.11.05"]
[SourceVersion "1"]
[SourceVersionDate "2008.11.05"]
[SourceQuality "1"]

1. e4 c6 2. d4 d5 3. Nd2 dxe4 4. Nxe4 Bf5 5. Ng3 Bg6 6. Nf3 Nd7 7. h4 h6 8. h5 Bh7 9. Bd3 Bxd3 10. Qxd3 Qc7 11. Bd2 e6 12. 0-0-0 Ngf6 13. Ne4 0-0-0 14. g3 Nxe4 15. Qxe4 Nf6 16. Qe2 Bd6 17. c4 c5 18. Bc3 Qc6 19. d5 Qa6 20. Bxf6 gxf6 21. Kb1 Rhe8 22. Qc2 f5 23. Rhe1 Bc7 24. Re3 Kb8 25. Rde1 Kc8 26. Qe2 e5 27. Nxe5 Rxe5 28. Rxe5 Bxe5 29. Qxe5 Qxc4 30. Qxf5+ Kb8 31. Qe5+ Kc8 32. Rd1 Qg4 33. Rd2 Qd7 34. Qe3 Qf5+ 35. Kc1 Rxd5 36. Rxd5 Qxd5 37. Qxh6 Qc4+ 38. Kd2 Qd4+ 1/2-1/2

[Event "Gdansk op"]
[Site "Gdansk"]
[Date "2008.07.26"]
[Round "8"]
[White "Tyda, Krzysztof"]
[Black "Szczukiewicz, Andrzej"]
[Result "0-1"]
[WhiteElo "2036"]
[BlackElo "2102"]
[PlyCount "52"]
[EventDate "2008.07.19"]
[EventType "swiss"]
[EventRounds "9"]
[EventCountry "POL"]
[SourceTitle "EXT 2009"]
[Source "ChessBase"]
[SourceDate "2008.11.26"]
[SourceVersion "1"]
[SourceVersionDate "2008.11.26"]
[SourceQuality "1"]

1. d4 f5 2. e4 fxe4 3. Nc3 Nf6 4. f3 d5 5. fxe4 dxe4 6. Bg5 Nc6 7. Bxf6 exf6 8. d5 Ne5 9. Nxe4 f5 10. Nc3 Bb4 11. Nf3 0-0 12. Qd2 Nxf3+ 13. gxf3 Re8+ 14. Kd1 c6 15. Bc4 b5 16. Bb3 c5 17. a3 Bxc3 18. bxc3 c4 19. Ba2 Bb7 20. Kc1 Qxd5 21. Qxd5+ Bxd5 22. Rf1 Re3 23. f4 Re2 24. Kb2 Be4 25. Bb1 Rxh2 26. a4 a6 0-1